=LDR 00000nam 2200000 4500 =001 INLIS000000000050309 =005 20170427111640 =035 ##$$a 0010-0417000124 =007 ta =008 170427###########################0###### =020 ##$$a 978 - 602 - 17759 - 2 - 9 =082 ##$$a 634 =084 ##$$a 634 RAH b =100 #$$a Rahayu, Sri =245 1#$$a Budidaya mangga di lahan sempit /$c Sri Rahayu =250 ##$$a Cet.1 =260 ##$$a Depok :$b Infra Pustaka,$c 2013 =300 ##$$a 152 hlm. : $b Ilus ; $c 23 cm. =650 ##$$a Buah Mangga - Budiaya =990 ##$$a 74987498 =990 ##$$a 74987498 =990 ##$$a 31700047 =990 ##$$a 02201707498 =990 ##$$a 31700048 =990 ##$$a 31700047